000 00648cam a22002173a 4500
001 38655
003 PGUSA
005 20140828083843.0
008 120123s2012||||xxu|||||s|||||000 | eng d
040 _aPGUSA
_beng
042 _adc
100 1 _aRoscher, Wilhelm,
_d1817-1894
245 1 0 _aPrinciples of Political Economy, Vol. II
_h[electronic resource] /
_cWilhelm Roscher
260 _bProject Gutenberg,
_c2012
506 _aPublic domain in the USA.
516 _aElectronic text
700 1 _aLalor, John J.
_q(John Joseph),
_d-1899
830 0 _aProject Gutenberg
_v38655
856 4 0 _uhttp://www.gutenberg.org/ebooks/38655
942 _cEB
999 _c267909
_d267909